Miasta w Polsce na literę N - Statystyki

Ogólne statystyki
  • Ten quiz został rozwiązany 225 razy
    59 od ostatniego zresetowania
  • Średni wynik to 19 z 38
Statystyki odpowiedzi
Liczba mieszkańców Województwo Miasto % Poprawnych
79 555 małopolskie Nowy Sącz
88%
33 045 małopolskie Nowy Targ
88%
40 026 opolskie Nysa
88%
16 713 opolskie Namysłów
85%
35 335 lubuskie Nowa Sól
79%
16 738 kujawsko-pomorskie Nakło nad Notecią
76%
5346 kujawsko-pomorskie Nowe
76%
1509 mazowieckie Nowe Miasto
76%
9950 warmińsko-mazurskie Nowe Miasto Lubawskie
70%
9335 pomorskie Nowy Dwór Gdański
70%
28 413 mazowieckie Nowy Dwór Mazowiecki
70%
13 363 wielkopolskie Nowy Tomyśl
70%
12 334 warmińsko-mazurskie Nidzica
64%
14 220 podkarpackie Nisko
61%
3557 lubelskie Nałęczów
58%
17 450 małopolskie Niepołomice
55%
3397 mazowieckie Nowe Miasto nad Pilicą
52%
7295 mazowieckie Nasielsk
48%
19 923 dolnośląskie Nowa Ruda
48%
15 479 zachodniopomorskie Nowogard
39%
2067 podlaskie Nowogród
39%
5671 opolskie Niemodlin
36%
1742 kujawsko-pomorskie Nieszawa
36%
4524 wielkopolskie Nowe Skalmierzyce
36%
3894 pomorskie Nowy Staw
36%
2634 dolnośląskie Niemcza
33%
10 173 podkarpackie Nowa Dęba
33%
5223 podkarpackie Nowa Sarzyna
33%
2717 małopolskie Nowy Wiśnicz
33%
3860 wielkopolskie Nekla
30%
1593 małopolskie Nowe Brzesko
27%
1037 zachodniopomorskie Nowe Warpno
27%
4636 lubuskie Nowogród Bobrzański
27%
1934 podkarpackie Narol
24%
1265 świętokrzyskie Nowa Słupia
24%
2598 lubuskie Nowe Miasteczko
24%
4047 dolnośląskie Nowogrodziec
24%
876 świętokrzyskie Nowy Korczyn
24%
Nie znaleziono quizów pasujących do podanych kryteriów
Rozkład punktacji
Procent ludzi z każdym wynikiem
Percentyl według liczby udzielonych odpowiedzi
Twoja historia wyników
Nie rozwiązałeś tego quizu od ostatniego zresetowania